000 007200000a22002530004500
001 44315
100 _a20071107d1976 k y0pory5003 ba
101 0 _apor
102 _aPT
200 1 _aO veado florido
_fAntónio Torrado
_gil. Leonor Praça
210 _aLisboa
_cSéculo
_d1976
215 _a[32] p.
_cil., color
225 2 _aPim-pam-pum
_v3
606 _aLiteratura portuguesa
606 _aLiteratura juvenil
606 _aConto
675 _a83
_zpor
675 _a087.5
_vBN
_zpor
675 _a821.134.3-93"19"
_vBN
_zpor
700 1 _aTorrado
_bAntónio
_f1939-
702 1 _937461
_4440
_aPraça
_bLeonor
090 _a44315
942 _cMON
_n0
999 _a44315